Library Banner

Environmental health (Record no. 62277)

MARC details
000 -LEADER
fixed length control field 00564nam a2200193Ia 4500
001 - CONTROL NUMBER
control field 61834
008 - FIXED-LENGTH DATA ELEMENTS--GENERAL INFORMATION
fixed length control field 141120s9999 xx 000 0 und d
020 ## - INTERNATIONAL STANDARD BOOK NUMBER
International Standard Book Number 9781926895208
040 ## - CATALOGING SOURCE
Transcribing agency PK-LaUMT
082 ## - DEWEY DECIMAL CLASSIFICATION NUMBER
Classification number 613.5
Item number ENV-
100 ## - MAIN ENTRY--PERSONAL NAME
Personal name Myatt, Theodore A.
245 ## - TITLE STATEMENT
Title Environmental health
Remainder of title indoor exposures, assessments and interventions
Statement of responsibility, etc Myatt, Theodore A.|Allen, Joseph G.
260 ## - PUBLICATION, DISTRIBUTION, ETC. (IMPRINT)
Place of publication, distribution, etc Oakville,USA:
Name of publisher, distributor, etc Apple Academics,
Date of publication, distribution, etc 2013
300 ## - PHYSICAL DESCRIPTION
Extent 233 p.
546 ## - LANGUAGE NOTE
Language note EN
650 ## - SUBJECT ADDED ENTRY--TOPICAL TERM
Topical term or geographic name as entry element Indoor air quality-Case studies
700 ## - ADDED ENTRY--PERSONAL NAME
Personal name Allen, Joseph G.
942 ## - ADDED ENTRY ELEMENTS (KOHA)
Koha item type Books
Holdings
Withdrawn status Lost status Damaged status Not for loan Home library Current library Date acquired Total Checkouts Full call number Barcode Date last seen Price effective from Koha item type
        UMT Main Campus UMT Main Campus 2014-11-18   613.5 ENV- 82933 2014-11-20 2014-11-20 Books